[Event "Open Mediterranean 2017"]
[Site "Rijeka CRO"]
[Date "2009.11.29"]
[Round "2.49"]
[White "Gheng, Simona"]
[Black "Tiselj, Peter"]
[Result "1/2-1/2"]
[WhiteElo "2017"]
[BlackElo "1603"]
[PlyCount "47"]
[EventDate "2009.11.28"]
[EventType "swiss"]
[EventRounds "9"]
[EventCountry "CRO"]
[Source "lmi"]
[SourceDate "2009.11.28"]

1. e4 e5 2. Nf3 Nf6 3. Nxe5 d6 4. Nf3 Nxe4 5. Nc3 Nxc3 6. bxc3 Nc6 7. d4 Be7 8.
Bd3 Bg4 9. h3 Bh5 10. O-O O-O 11. Rb1 Rb8 12. Re1 Re8 13. Bf4 h6 14. d5 Na5 15.
Rb5 c6 16. dxc6 Bxf3 17. Qxf3 Nxc6 18. Bxh6 Bf6 19. Rxe8+ Qxe8 20. Bd2 Ne5 21.
Qf5 Nxd3 22. cxd3 g6 23. Qxf6 Qe6 24. Qxe6 1/2-1/2

[Event "Open Mediterranean 2017"]
[Site "Rijeka CRO"]
[Date "2009.11.29"]
[Round "2.50"]
[White "Tomulic, Teo"]
[Black "Nastic, Milorad"]
[Result "0-1"]
[WhiteElo "1622"]
[BlackElo "2012"]
[PlyCount "71"]
[EventDate "2009.11.28"]
[EventType "swiss"]
[EventRounds "9"]
[EventCountry "CRO"]
[Source "lmi"]
[SourceDate "2009.11.28"]

1. e4 e5 2. Nf3 d6 3. Bc4 Be7 4. c3 Nf6 5. Ng5 O-O 6. Qb3 Qe8 7. d3 c6 8. a4 b6
9. Bxf7+ Rxf7 10. Nxf7 Qxf7 11. Qxf7+ Kxf7 12. f3 Nbd7 13. d4 exd4 14. cxd4 c5
15. d5 Ne5 16. Bg5 Nxd5 17. Bxe7 Nxe7 18. Kd2 Ba6 19. Nc3 Nc4+ 20. Kc1 Nc6 21.
Nd5 Rc8 22. Rd1 Nd4 23. Kb1 Bb7 24. Nc3 Bc6 25. Rd3 a6 26. h3 Rc7 27. Nd1 b5
28. axb5 Bxb5 29. Nc3 Na3+ 30. Rxa3 Bxd3+ 31. Kc1 Bc4 32. Nd1 Ne2+ 33. Kd2 Nf4
34. Ra1 Rb7 35. Ne3 Rb6 36. Kc2 0-1

[Event "Open Mediterranean 2017"]
[Site "Rijeka CRO"]
[Date "2009.11.29"]
[Round "3.1"]
[White "Kazhgaleyev, Murtas"]
[Black "Doric, Darko"]
[Result "1/2-1/2"]
[WhiteElo "2653"]
[BlackElo "2470"]
[PlyCount "171"]
[EventDate "2009.11.28"]
[EventType "swiss"]
[EventRounds "9"]
[EventCountry "CRO"]
[Source "lmi"]
[SourceDate "2009.11.28"]

1. d4 d5 2. c4 dxc4 3. e3 e6 4. Bxc4 Nf6 5. Nf3 c5 6. Qe2 a6 7. dxc5 Bxc5 8.
O-O b5 9. Bd3 Bd7 10. e4 Bc6 11. Nbd2 h6 12. e5 Nd5 13. Ne4 Be7 14. Bd2 Nd7 15.
Rac1 Qb6 16. a3 Rc8 17. b4 O-O 18. Ng3 Bb7 19. Nh5 f5 20. exf6 N5xf6 21. Nf4
Bxf3 22. gxf3 Rxc1 23. Bxc1 Bd8 24. Rd1 Re8 25. Bg6 Re7 26. Be3 Qb8 27. Bb1 Nf8
28. Bc5 Qxf4 29. Rxd8 Re8 30. Rd1 N6d7 31. Bd6 Qg5+ 32. Kh1 Rc8 33. Ba2 Kh8 34.
Bg3 e5 35. h4 Qf5 36. Kg2 Rc3 37. Bb1 Qf7 38. Qe4 Rxa3 39. Qa8 Kg8 40. Rd6 Qe7
41. Qd5+ Qf7 42. Qc6 Qe7 43. Bf5 Nf6 44. Qc5 Ne8 45. Qd5+ Qf7 46. Qxf7+ Kxf7
47. Rb6 Ra4 48. Bxe5 Rxb4 49. Rxa6 Rc4 50. Ra7+ Kg8 51. f4 Nf6 52. Ra8 Kf7 53.
Bd6 N8d7 54. Ra7 Rd4 55. Be5 Rd5 56. Bb1 Ke8 57. Bc3 Kd8 58. Ba2 Rc5 59. Bb4
Rc2 60. Be6 Rc6 61. f5 Kc8 62. Be7 Rc7 63. Ra5 Rb7 64. Ra6 b4 65. Bd6 Rb5 66.
Ra1 Kb7 67. Rb1 Kc6 68. Rxb4 Ra5 69. Rd4 Nc5 70. Bf8 Ra8 71. Bxc5 Kxc5 72. Rd3
Ra4 73. Kh3 Rd4 74. Ra3 Kd6 75. Ra7 g5 76. hxg5 hxg5 77. Kg2 Ke5 78. Bc8 Rc4
79. Ra5+ Kf4 80. Be6 Rb4 81. Ra3 g4 82. Rc3 Ne4 83. Rc2 Nf6 84. Rc6 Rd4 85. Bc8
Kg5 86. Be6 1/2-1/2

[Event "Open Mediterranean 2017"]
[Site "Rijeka CRO"]
[Date "2009.11.29"]
[Round "3.3"]
[White "Neubauer, Martin"]
[Black "Lenic, Luka"]
[Result "1/2-1/2"]
[WhiteElo "2452"]
[BlackElo "2598"]
[PlyCount "59"]
[EventDate "2009.11.28"]
[EventType "swiss"]
[EventRounds "9"]
[EventCountry "CRO"]
[Source "lmi"]
[SourceDate "2009.11.28"]

1. d4 Nf6 2. c4 e6 3. Nc3 Bb4 4. Qc2 O-O 5. e4 d5 6. e5 Ne4 7. Bd3 c5 8. Nf3
cxd4 9. Nxd4 Nd7 10. Bf4 Ndc5 11. O-O Nxd3 12. Qxd3 Bxc3 13. bxc3 b6 14. cxd5
Qxd5 15. Rad1 Bb7 16. c4 Qa5 17. Nb5 Nc5 18. Qg3 Be4 19. Be3 Qxa2 20. Bxc5 bxc5
21. Nd6 Bg6 22. Qe3 Qa5 23. Ra1 Qb6 24. Ra3 a5 25. Rfa1 a4 26. Nb5 Bc2 27. Rc3
Bb3 28. Qe4 Rad8 29. Rh3 h6 30. Rg3 1/2-1/2

[Event "Open Mediterranean 2017"]
[Site "Rijeka CRO"]
[Date "2009.11.29"]
[Round "3.4"]
[White "Safarli, Eltaj"]
[Black "Rukavina, Josip"]
[Result "1/2-1/2"]
[WhiteElo "2592"]
[BlackElo "2428"]
[PlyCount "64"]
[EventDate "2009.11.28"]
[EventType "swiss"]
[EventRounds "9"]
[EventCountry "CRO"]
[Source "lmi"]
[SourceDate "2009.11.28"]

1. e4 d6 2. d4 Nf6 3. Nc3 e5 4. Nf3 Nbd7 5. Bc4 Be7 6. O-O O-O 7. Re1 a6 8. a4
b6 9. Ne2 c5 10. dxe5 Nxe5 11. Nxe5 dxe5 12. Nc3 Qxd1 13. Rxd1 Be6 14. b3 Rfd8
15. Rxd8+ Bxd8 16. Bg5 Kf8 17. Rd1 Ke8 18. Bxf6 gxf6 19. Rd3 Be7 20. Nd5 Bd8
21. Rf3 Kf8 22. Ne3 Bd7 23. Bd5 Ra7 24. g4 b5 25. g5 Kg7 26. gxf6+ Bxf6 27.
Rg3+ Kf8 28. Rf3 Kg7 29. Nf5+ Bxf5 30. Rxf5 Rc7 31. c4 b4 32. Kf1 a5 1/2-1/2

[Event "Open Mediterranean 2017"]
[Site "Rijeka CRO"]
[Date "2009.11.29"]
[Round "3.5"]
[White "Bosiocic, Marin"]
[Black "Loncar, Robert"]
[Result "1-0"]
[WhiteElo "2575"]
[BlackElo "2406"]
[PlyCount "61"]
[EventDate "2009.11.28"]
[EventType "swiss"]
[EventRounds "9"]
[EventCountry "CRO"]
[Source "lmi"]
[SourceDate "2009.11.28"]

1. d4 d5 2. c4 dxc4 3. e4 Nf6 4. e5 Nd5 5. Bxc4 Nb6 6. Bb3 Nc6 7. Be3 Bf5 8.
Nc3 e6 9. Nge2 Nb4 10. O-O Be7 11. Ng3 Bg6 12. f4 N4d5 13. Qf3 Nxe3 14. Qxe3
O-O 15. Rad1 c6 16. f5 Bg5 17. Qf3 exf5 18. Nxf5 Bxf5 19. Qxf5 Nd5 20. Nxd5
cxd5 21. Kh1 Be7 22. Qf3 Qb6 23. Qxd5 Rad8 24. Qe4 g6 25. d5 Rde8 26. Qf4 Kg7
27. d6 Bd8 28. Qc4 Qc6 29. Rxf7+ Kh6 30. Qxc6 bxc6 31. d7 1-0

[Event "Open Mediterranean 2017"]
[Site "Rijeka CRO"]
[Date "2009.11.29"]
[Round "3.6"]
[White "Kovacevic, Blazimir"]
[Black "Chatalbashev, Boris"]
[Result "1/2-1/2"]
[WhiteElo "2430"]
[BlackElo "2561"]
[PlyCount "47"]
[EventDate "2009.11.28"]
[EventType "swiss"]
[EventRounds "9"]
[EventCountry "CRO"]
[Source "lmi"]
[SourceDate "2009.11.28"]

1. c4 c5 2. Nf3 g6 3. d4 Bg7 4. d5 d6 5. e4 e6 6. h3 Nf6 7. Nc3 O-O 8. Bd3 Na6
9. Bg5 exd5 10. cxd5 h6 11. Be3 Re8 12. O-O Bd7 13. Re1 c4 14. Bxc4 Nxe4 15.
Nxe4 Rxe4 16. Bxa6 bxa6 17. Qd2 Qf6 18. Bxh6 Rxe1+ 19. Rxe1 Qxb2 20. Bxg7 Qxd2
21. Nxd2 Kxg7 22. Nc4 Rd8 23. Nxd6 Ba4 24. Ne4 1/2-1/2

[Event "Open Mediterranean 2017"]
[Site "Rijeka CRO"]
[Date "2009.11.29"]
[Round "3.7"]
[White "Gajewski, Grzegorz"]
[Black "Battaglini, Gabriel"]
[Result "0-1"]
[WhiteElo "2561"]
[BlackElo "2398"]
[PlyCount "108"]
[EventDate "2009.11.28"]
[EventType "swiss"]
[EventRounds "9"]
[EventCountry "CRO"]
[Source "lmi"]
[SourceDate "2009.11.28"]

1. d4 d5 2. c4 c6 3. Nf3 Nf6 4. Nc3 e6 5. g3 dxc4 6. Bg2 b5 7. Ne5 Nd5 8. a4
Bb4 9. Bd2 O-O 10. O-O Bxc3 11. bxc3 f6 12. Nf3 Bb7 13. Qb1 a6 14. e4 Nc7 15.
Bf4 Nd7 16. Rd1 Nb6 17. a5 Nc8 18. Qb4 Re8 19. h4 Qe7 20. Qc5 Qxc5 21. dxc5 e5
22. Be3 Ne6 23. Rd7 Rb8 24. Nh2 Nf8 25. Rdd1 Ne7 26. f4 exf4 27. Bxf4 Rbd8 28.
Nf3 Ne6 29. Be3 Ng6 30. Rd6 Rxd6 31. cxd6 c5 32. h5 Ngf8 33. Nh4 Nd7 34. Rd1
Kf7 35. Nf5 Rd8 36. Bf4 b4 37. Rb1 bxc3 38. Be3 Bc6 39. Rc1 Ne5 40. Rxc3 g6 41.
Ne7 Bb5 42. Nd5 Rxd6 43. hxg6+ hxg6 44. Bf1 Nd3 45. Nb6 Rd4 46. Bxd4 cxd4 47.
Rc2 c3 48. Nd5 Nec5 49. Nxc3 dxc3 50. Rxc3 Ke6 51. Bxd3 Nxd3 52. Kg2 Nb4 53.
Kf3 Nc6 54. Ra3 Nd4+ 0-1

[Event "Open Mediterranean 2017"]
[Site "Rijeka CRO"]
[Date "2009.11.29"]
[Round "3.8"]
[White "Dancevski, Orce"]
[Black "Kovacevic, Aleksandar"]
[Result "0-1"]
[WhiteElo "2418"]
[BlackElo "2558"]
[PlyCount "110"]
[EventDate "2009.11.28"]
[EventType "swiss"]
[EventRounds "9"]
[EventCountry "CRO"]
[Source "lmi"]
[SourceDate "2009.11.28"]

1. e4 c5 2. c3 g6 3. d4 cxd4 4. cxd4 d5 5. e5 Bg7 6. Nc3 Nc6 7. Be3 Nh6 8. Qb3
O-O 9. Nf3 Nf5 10. Bd3 Nxe3 11. fxe3 e6 12. O-O f6 13. exf6 Bxf6 14. a3 Bd7 15.
Qc2 Qe7 16. Rad1 Rac8 17. Kh1 Qg7 18. Qe2 Kh8 19. Bb1 Rcd8 20. Rfe1 Be8 21. Rf1
Bf7 22. h3 e5 23. dxe5 Nxe5 24. Ba2 Nxf3 25. Rxf3 d4 26. exd4 Bxa2 27. Nxa2
Bxd4 28. Nc3 Rxf3 29. Qxf3 Rf8 30. Qd3 Qe5 31. Rf1 Rf4 32. Qd1 Rxf1+ 33. Qxf1
Kg7 34. Qc1 h5 35. Qd2 a6 36. Qc1 b5 37. Qd2 Kf6 38. Qc1 Ke6 39. Qd2 Qe3 40.
Qd1 Ke5 41. Ne2 Bxb2 42. Qd8 Ke4 43. Ng1 Qc1 44. Qe8+ Kf5 45. Qd7+ Kg5 46. Qd5+
Kh6 47. Kh2 Qc7+ 48. Kh1 Bxa3 49. Qd2+ Kh7 50. Qa2 Qc1 51. Kh2 Bd6+ 52. g3 Qe3
53. Qf7+ Kh6 54. Nf3 Qf2+ 55. Kh1 Qxg3 0-1

[Event "Open Mediterranean 2017"]
[Site "Rijeka CRO"]
[Date "2009.11.29"]
[Round "3.9"]
[White "Ruck, Robert"]
[Black "Brumen, Dinko"]
[Result "1-0"]
[WhiteElo "2556"]
[BlackElo "2349"]
[PlyCount "55"]
[EventDate "2009.11.28"]
[EventType "swiss"]
[EventRounds "9"]
[EventCountry "CRO"]
[Source "lmi"]
[SourceDate "2009.11.28"]

1. Nf3 d5 2. d4 Nf6 3. c4 c6 4. Nc3 e6 5. Bg5 Nbd7 6. e3 Qa5 7. cxd5 Nxd5 8.
Qd2 Bb4 9. Rc1 O-O 10. Bd3 c5 11. a3 Bxc3 12. bxc3 cxd4 13. cxd4 Qxa3 14. e4
Nb4 15. Bb1 b6 16. O-O f6 17. Bf4 a5 18. Bd6 Re8 19. e5 Ba6 20. Rc7 Bxf1 21.
Rxd7 Bd3 22. exf6 Qa1 23. Rxg7+ Kh8 24. h3 Qxb1+ 25. Kh2 Rg8 26. Qh6 Nd5 27.
Ng5 Bg6 28. Qxh7+ 1-0

[Event "Open Mediterranean 2017"]
[Site "Rijeka CRO"]
[Date "2009.11.29"]
[Round "3.10"]
[White "Cvitan, Ognjen"]
[Black "Diermair, Andreas"]
[Result "1-0"]
[WhiteElo "2533"]
[BlackElo "2341"]
[PlyCount "59"]
[EventDate "2009.11.28"]
[EventType "swiss"]
[EventRounds "9"]
[EventCountry "CRO"]
[Source "lmi"]
[SourceDate "2009.11.28"]

1. c4 c6 2. e4 d5 3. exd5 cxd5 4. cxd5 Nf6 5. Nc3 Nxd5 6. Nf3 e6 7. d4 Bb4 8.
Qc2 Nd7 9. Bd3 N7f6 10. O-O h6 11. Bd2 Be7 12. Bc4 O-O 13. Rfe1 Bd7 14. Ne5 Rc8
15. Bb3 Bc6 16. Qd3 Nb4 17. Qg3 Qxd4 18. Be3 Qd6 19. Bxh6 Ne8 20. Bf4 Qd8 21.
Ng6 Nf6 22. Nxe7+ Qxe7 23. Bd6 Qd7 24. Bxb4 Rfd8 25. Rad1 Qe8 26. Bd6 Rd7 27.
Be5 Qe7 28. Rxd7 Bxd7 29. Ne4 Ne8 30. Nd6 1-0

[Event "Open Mediterranean 2017"]
[Site "Rijeka CRO"]
[Date "2009.11.29"]
[Round "3.11"]
[White "Mitkov, Marjan"]
[Black "Drazic, Sinisa"]
[Result "0-1"]
[WhiteElo "2395"]
[BlackElo "2519"]
[PlyCount "65"]
[EventDate "2009.11.28"]
[EventType "swiss"]
[EventRounds "9"]
[EventCountry "CRO"]
[Source "lmi"]
[SourceDate "2009.11.28"]

1. d4 Nf6 2. c4 g6 3. Nc3 Bg7 4. e4 O-O 5. Bd3 d6 6. Nge2 Nc6 7. O-O Nh5 8. Be3
e5 9. d5 Nd4 10. Bxd4 exd4 11. Nb5 c5 12. dxc6 bxc6 13. Nbxd4 Qb6 14. Nb3 Bxb2
15. Rb1 Ba3 16. c5 Bxc5 17. Nxc5 Qxc5 18. Qa4 Bd7 19. Rb7 Bg4 20. Rc1 Qg5 21.
Qa3 d5 22. exd5 Bf3 23. g3 Qg4 24. Kf1 Rae8 25. Re7 Bxd5 26. Qxa7 Qf3 27. Re3
Qh1+ 28. Ng1 Qxh2 29. Ne2 Qh1+ 30. Ng1 Qg2+ 31. Ke2 Nxg3+ 32. Ke1 Qe4 33. Ra1
0-1

[Event "Open Mediterranean 2017"]
[Site "Rijeka CRO"]
[Date "2009.11.29"]
[Round "3.12"]
[White "Debray, Christopher"]
[Black "Martinovic, Sasa"]
[Result "0-1"]
[WhiteElo "2358"]
[BlackElo "2483"]
[PlyCount "50"]
[EventDate "2009.11.28"]
[EventType "swiss"]
[EventRounds "9"]
[EventCountry "CRO"]
[Source "lmi"]
[SourceDate "2009.11.28"]

1. e4 c5 2. Nf3 Nc6 3. Nc3 d6 4. d4 cxd4 5. Nxd4 Nf6 6. f4 g6 7. Nf3 Bg7 8. e5
dxe5 9. Qxd8+ Kxd8 10. fxe5 Ng4 11. Bf4 Ngxe5 12. O-O-O+ Bd7 13. Nxe5 Bxe5 14.
Bxe5 Nxe5 15. Bb5 e6 16. Rxd7+ Nxd7 17. Rd1 a6 18. Bxd7 Ke7 19. Ba4 Rad8 20.
Rd3 Rxd3 21. cxd3 f5 22. Kd2 g5 23. Ke3 g4 24. d4 Kf6 25. Ne2 e5 0-1

[Event "Open Mediterranean 2017"]
[Site "Rijeka CRO"]
[Date "2009.11.29"]
[Round "3.13"]
[White "Saric, Ante"]
[Black "Nilsen, Joachim Birger"]
[Result "1-0"]
[WhiteElo "2471"]
[BlackElo "2126"]
[PlyCount "103"]
[EventDate "2009.11.28"]
[EventType "swiss"]
[EventRounds "9"]
[EventCountry "CRO"]
[Source "lmi"]
[SourceDate "2009.11.28"]

1. d4 d5 2. Nf3 Nf6 3. c4 c6 4. e3 a6 5. Qc2 b5 6. b3 g6 7. Bd3 Bg7 8. Nbd2 Bb7
9. a4 bxc4 10. bxc4 Nbd7 11. Rb1 Ra7 12. Ba3 O-O 13. O-O Ba8 14. Nb3 Re8 15.
Nc5 e5 16. cxd5 cxd5 17. dxe5 Ng4 18. Nxa6 d4 19. e4 Rxa6 20. Bxa6 Ndxe5 21.
Nxe5 Bxe5 22. g3 Nxh2 23. Kxh2 Bxe4 24. Qxe4 Bxg3+ 25. fxg3 Rxe4 26. Rbc1 Qd7
27. Bc4 d3 28. Rxf7 Qxf7 29. Bxf7+ Kxf7 30. Rd1 Rxa4 31. Rxd3 h5 32. Rf3+ Kg7
33. Bf8+ Kh7 34. Be7 Re4 35. Bg5 Re5 36. Bf6 Re2+ 37. Kh3 Kh6 38. Bh4 Re5 39.
Bf6 Re1 40. Bc3 Re2 41. Rf6 Rc2 42. Rc6 Re2 43. Bf6 Re4 44. Rc5 Re6 45. Bg5+
Kg7 46. Rc7+ Kg8 47. Kh4 Re5 48. Bh6 Re6 49. Bf4 Ra6 50. Kg5 Re6 51. Kh6 Ra6
52. Rg7+ 1-0

[Event "Open Mediterranean 2017"]
[Site "Rijeka CRO"]
[Date "2009.11.29"]
[Round "3.14"]
[White "Orenda, Omar"]
[Black "Predojevic, Borki"]
[Result "0-1"]
[WhiteElo "2132"]
[BlackElo "2652"]
[PlyCount "88"]
[EventDate "2009.11.28"]
[EventType "swiss"]
[EventRounds "9"]
[EventCountry "CRO"]
[Source "lmi"]
[SourceDate "2009.11.28"]

1. c4 e5 2. Nc3 Bb4 3. Nd5 Bc5 4. Nf3 c6 5. Nc3 d6 6. d4 exd4 7. Nxd4 Nf6 8. e3
O-O 9. Be2 d5 10. cxd5 Nxd5 11. O-O Nxc3 12. bxc3 Nd7 13. Rb1 Re8 14. Bg4 Qc7
15. h3 Ne5 16. Bxc8 Raxc8 17. Qb3 b5 18. Ba3 Bb6 19. Rbd1 Nc4 20. Bc1 Qe5 21.
Qc2 Qe4 22. Qxe4 Rxe4 23. Nf5 g6 24. Ng3 Ree8 25. Rd7 Ne5 26. Rd2 Nc4 27. Rd7
Bc7 28. Ne2 Nb6 29. Rd3 Be5 30. Rfd1 c5 31. e4 c4 32. R3d2 Na4 33. Rd7 a6 34.
Bd2 Nc5 35. Ra7 Bb8 36. Ra8 Bh2+ 37. Kxh2 Rxa8 38. f3 f5 39. Be3 Nd3 40. Nd4
fxe4 41. fxe4 Rxe4 42. Bh6 b4 43. Nf3 bxc3 44. Ng5 Rh4 0-1

[Event "Open Mediterranean 2017"]
[Site "Rijeka CRO"]
[Date "2009.11.29"]
[Round "3.15"]
[White "Stojanovic, Andjelija"]
[Black "Palac, Mladen"]
[Result "0-1"]
[WhiteElo "2329"]
[BlackElo "2578"]
[PlyCount "92"]
[EventDate "2009.11.28"]
[EventType "swiss"]
[EventRounds "9"]
[EventCountry "CRO"]
[Source "lmi"]
[SourceDate "2009.11.28"]

1. Nf3 d5 2. g3 Nc6 3. d4 Bf5 4. Bg2 Nb4 5. Na3 e6 6. O-O Nf6 7. c3 Na6 8. Nb1
h6 9. a3 c6 10. c4 Be7 11. Nc3 O-O 12. Ne5 Nb8 13. b4 Nbd7 14. Nxd7 Qxd7 15. c5
b6 16. h3 Rfd8 17. g4 Bg6 18. Bf4 Qb7 19. Qd2 Rd7 20. Rfc1 Bd8 21. Na4 Bc7 22.
Bxc7 Rxc7 23. Bf1 Ne4 24. Qd1 f5 25. f3 Ng3 26. Bg2 h5 27. Kf2 h4 28. Nb2 fxg4
29. hxg4 Rf7 30. Nd3 Bxd3 31. Qxd3 bxc5 32. bxc5 e5 33. dxe5 Re8 34. Rab1 Qc7
35. e3 Qxe5 36. f4 Qe6 37. Bf3 Rfe7 38. Rb3 Qf7 39. Qd4 Qg6 40. Kg2 Nf5 41. Qd2
Rxe3 42. Rxe3 Nxe3+ 43. Kh3 Qf6 44. f5 g6 45. Rg1 gxf5 46. gxf5+ Kh7 0-1

[Event "Open Mediterranean 2017"]
[Site "Rijeka CRO"]
[Date "2009.11.29"]
[Round "3.16"]
[White "Agaragimov, Djakhangir"]
[Black "Jovanic, Ognjen"]
[Result "1/2-1/2"]
[WhiteElo "2294"]
[BlackElo "2552"]
[PlyCount "45"]
[EventDate "2009.11.28"]
[EventType "swiss"]
[EventRounds "9"]
[EventCountry "CRO"]
[Source "lmi"]
[SourceDate "2009.11.28"]

1. d4 d5 2. c4 c6 3. cxd5 cxd5 4. Nc3 Nf6 5. Nf3 Nc6 6. Bf4 Nh5 7. Bd2 e6 8. e3
Nf6 9. Rc1 Bd6 10. Bd3 O-O 11. O-O e5 12. dxe5 Nxe5 13. Nxe5 Bxe5 14. h3 a6 15.
Qb3 Re8 16. Rfd1 Bb8 17. Ne2 Qe7 18. Nf4 Be6 19. Bb4 Qd7 20. Bc3 Qe7 21. Bb4
Qd7 22. Bc3 Qe7 23. Bb4 1/2-1/2

[Event "Open Mediterranean 2017"]
[Site "Rijeka CRO"]
[Date "2009.11.29"]
[Round "3.17"]
[White "Cebalo, Miso"]
[Black "Antunovic, Ivo"]
[Result "1-0"]
[WhiteElo "2483"]
[BlackElo "2132"]
[PlyCount "59"]
[EventDate "2009.11.28"]
[EventType "swiss"]
[EventRounds "9"]
[EventCountry "CRO"]
[Source "lmi"]
[SourceDate "2009.11.28"]

1. d4 Nf6 2. c4 g6 3. Nc3 Bg7 4. e4 d6 5. Nf3 O-O 6. Be2 e5 7. O-O Nc6 8. Be3
exd4 9. Nxd4 Bd7 10. Qd2 Nxd4 11. Bxd4 Bc6 12. f3 Nd7 13. Bxg7 Kxg7 14. b4 b6
15. Rac1 a5 16. a3 axb4 17. axb4 Re8 18. Nd5 Bxd5 19. cxd5 f6 20. Bb5 Re7 21.
Rc3 g5 22. f4 h6 23. h4 g4 24. Qc2 Ra7 25. h5 Qe8 26. Rxc7 Rxc7 27. Qxc7 Qxh5
28. Qxd6 Qf7 29. e5 g3 30. Rf3 1-0

[Event "Open Mediterranean 2017"]
[Site "Rijeka CRO"]
[Date "2009.11.29"]
[Round "3.19"]
[White "Lekic, Dusan"]
[Black "Plenca, Julijan"]
[Result "1/2-1/2"]
[WhiteElo "2387"]
[BlackElo "2317"]
[PlyCount "92"]
[EventDate "2009.11.28"]
[EventType "swiss"]
[EventRounds "9"]
[EventCountry "CRO"]
[Source "lmi"]
[SourceDate "2009.11.28"]

1. d4 d5 2. c4 c6 3. Nf3 Nf6 4. Nc3 dxc4 5. a4 Bg4 6. Ne5 Bh5 7. f3 e6 8. e4
Bb4 9. g4 Nxe4 10. fxe4 Qh4+ 11. Kd2 Qf2+ 12. Qe2 Qxd4+ 13. Kc2 Qxe5 14. gxh5
Na6 15. Kb1 O-O-O 16. Rg1 Bxc3 17. bxc3 Qxc3 18. Qxc4 Qe5 19. Rg5 Qf6 20. e5
Qe7 21. Rxg7 Rd5 22. Ra3 Rc5 23. Qf4 Nc7 24. Rd3 Nd5 25. Qxf7 Nc3+ 26. Rxc3
Qxf7 27. Rxf7 Rxc3 28. Bb2 Re3 29. Bc4 Re8 30. Rxh7 Rh3 31. h6 Rxh2 32. Ka2 Rh3
33. Bc1 Rc3 34. Bg5 Rxc4 35. Rg7 Rxa4+ 36. Kb3 Rg4 37. h7 Rg3+ 38. Kc2 Rh3 39.
Rg8 Kd7 40. Rg7+ Kc8 41. Rg8 Kd7 42. Rg7+ Kc8 43. Rg8 Kd7 44. Bf6 Kc8 45. Rg7
Kb8 46. Rg8 Rc8 1/2-1/2

[Event "Open Mediterranean 2017"]
[Site "Rijeka CRO"]
[Date "2009.11.29"]
[Round "3.20"]
[White "Skrbin, Kresimir"]
[Black "Lovik, Lasse Ostebo"]
[Result "1-0"]
[WhiteElo "2215"]
[BlackElo "2379"]
[PlyCount "57"]
[EventDate "2009.11.28"]
[EventType "swiss"]
[EventRounds "9"]
[EventCountry "CRO"]
[Source "lmi"]
[SourceDate "2009.11.28"]

1. d4 d5 2. c4 e6 3. Nc3 c6 4. Nf3 Nf6 5. Bg5 dxc4 6. e4 b5 7. e5 h6 8. Bh4 g5
9. Nxg5 hxg5 10. Bxg5 Nbd7 11. g3 Bb7 12. Bg2 Qb6 13. exf6 c5 14. d5 O-O-O 15.
O-O b4 16. Rb1 Qa6 17. dxe6 Bxg2 18. e7 Bxe7 19. fxe7 Bxf1 20. exd8=Q+ Rxd8 21.
Qxf1 f6 22. Bf4 bxc3 23. bxc3 Ne5 24. Qh3+ Kc7 25. Qh7+ Rd7 26. Qe4 Qd6 27.
Bxe5 fxe5 28. Qxc4 Qc6 29. Qg8 1-0

[Event "Open Mediterranean 2017"]
[Site "Rijeka CRO"]
[Date "2009.11.29"]
[Round "3.21"]
[White "Sale, Srdjan"]
[Black "Bjelicic, Jan"]
[Result "1-0"]
[WhiteElo "2399"]
[BlackElo "2087"]
[PlyCount "62"]
[EventDate "2009.11.28"]
[EventType "swiss"]
[EventRounds "9"]
[EventCountry "CRO"]
[Source "lmi"]
[SourceDate "2009.11.28"]

1. e4 c5 2. d3 d6 3. f4 Nc6 4. Nf3 g6 5. Be2 Bg7 6. O-O Nf6 7. Qe1 a6 8. Kh1 b5
9. a4 b4 10. Nbd2 O-O 11. Qh4 Qc7 12. f5 gxf5 13. Nc4 Ne5 14. Nfxe5 dxe5 15.
exf5 Bb7 16. Qg3 Ne8 17. Bf3 f6 18. Bxb7 Qxb7 19. Be3 Rc8 20. Qf2 Nd6 21. Bxc5
Nxf5 22. Nb6 Rc6 23. a5 Nd4 24. Bxd4 exd4 25. Qf3 Rd8 26. Ra4 Qc7 27. Nd5 Qd7
28. Nxe7+ Qxe7 29. Qxc6 Qe2 30. Raa1 Re8 31. Qxa6 Bf8 1-0

[Event "Open Mediterranean 2017"]
[Site "Rijeka CRO"]
[Date "2009.11.29"]
[Round "3.22"]
[White "Doric, Nenad"]
[Black "Spika, Ivica"]
[Result "1/2-1/2"]
[WhiteElo "2344"]
[BlackElo "2086"]
[PlyCount "52"]
[EventDate "2009.11.28"]
[EventType "swiss"]
[EventRounds "9"]
[EventCountry "CRO"]
[Source "lmi"]
[SourceDate "2009.11.28"]

1. e4 c6 2. d4 d5 3. exd5 cxd5 4. c4 Nf6 5. Nc3 e6 6. Nf3 a6 7. cxd5 exd5 8.
Bd3 Be7 9. h3 Nc6 10. O-O O-O 11. Bg5 Be6 12. Rc1 Qd7 13. Ne5 Nxe5 14. dxe5 Ne8
15. Bxe7 Qxe7 16. f4 d4 17. Ne2 Rd8 18. Ng3 f5 19. Qc2 g6 20. Ne2 Ng7 21. Rfd1
g5 22. b3 Kh8 23. Qc5 Qd7 24. Bc4 Bxc4 25. Qxc4 Ne6 26. Qd3 gxf4 1/2-1/2

[Event "Open Mediterranean 2017"]
[Site "Rijeka CRO"]
[Date "2009.11.29"]
[Round "3.23"]
[White "Noordhoek, Henk"]
[Black "Fucak, Emilijo"]
[Result "1/2-1/2"]
[WhiteElo "2087"]
[BlackElo "2291"]
[PlyCount "28"]
[EventDate "2009.11.28"]
[EventType "swiss"]
[EventRounds "9"]
[EventCountry "CRO"]
[Source "lmi"]
[SourceDate "2009.11.28"]

1. e4 e6 2. d4 d5 3. Nd2 b6 4. c3 Nf6 5. e5 Nfd7 6. Bd3 a5 7. Ne2 Ba6 8. Bb1 c5
9. O-O Nc6 10. Nf3 Rc8 11. Re1 Qc7 12. Bf4 Be7 13. h4 h6 14. h5 b5 1/2-1/2

[Event "Open Mediterranean 2017"]
[Site "Rijeka CRO"]
[Date "2009.11.29"]
[Round "3.24"]
[White "Ciganovic, Nikola"]
[Black "Brenc, Tomislav"]
[Result "1-0"]
[WhiteElo "2276"]
[BlackElo "2075"]
[PlyCount "39"]
[EventDate "2009.11.28"]
[EventType "swiss"]
[EventRounds "9"]
[EventCountry "CRO"]
[Source "lmi"]
[SourceDate "2009.11.28"]

1. e4 c5 2. Nf3 e6 3. d4 cxd4 4. Nxd4 a6 5. Nc3 Qc7 6. Bd3 Nf6 7. O-O Nc6 8.
Be3 Ne5 9. h3 Bc5 10. Kh1 d6 11. Qe1 O-O 12. a4 Nxd3 13. cxd3 e5 14. Nc2 Be6
15. d4 exd4 16. Bxd4 Bb3 17. Bxf6 Bxc2 18. Nd5 Qb8 19. Ne7+ Kh8 20. Qc3 1-0

[Event "Open Mediterranean 2017"]
[Site "Rijeka CRO"]
[Date "2009.11.29"]
[Round "3.25"]
[White "Logar, Metod"]
[Black "Getz, Nicolai"]
[Result "0-1"]
[WhiteElo "2071"]
[BlackElo "2270"]
[PlyCount "38"]
[EventDate "2009.11.28"]
[EventType "swiss"]
[EventRounds "9"]
[EventCountry "CRO"]
[Source "lmi"]
[SourceDate "2009.11.28"]

1. e4 e5 2. Nf3 Nc6 3. Bc4 Nf6 4. d4 exd4 5. O-O Nxe4 6. Re1 d5 7. Bxd5 Qxd5 8.
Nc3 Qa5 9. Nxe4 Be6 10. Neg5 O-O-O 11. Nxe6 fxe6 12. Rxe6 Bd6 13. Bg5 Rdf8 14.
Qe2 Kd7 15. Re1 Qxa2 16. Qb5 a6 17. Qxb7 Qd5 18. Be7 Rb8 19. Ne5+ Bxe5 0-1

[Event "Open Mediterranean 2017"]
[Site "Rijeka CRO"]
[Date "2009.11.29"]
[Round "3.26"]
[White "Muskardin, Mario"]
[Black "Heifez, Eugen"]
[Result "1-0"]
[WhiteElo "2067"]
[BlackElo "2245"]
[PlyCount "45"]
[EventDate "2009.11.28"]
[EventType "swiss"]
[EventRounds "9"]
[EventCountry "CRO"]
[Source "lmi"]
[SourceDate "2009.11.28"]

1. e4 e5 2. Nf3 d6 3. d4 Qe7 4. dxe5 dxe5 5. Nc3 c6 6. h3 Nf6 7. Bg5 h6 8. Bh4
Qe6 9. Qd3 Bb4 10. O-O-O Nbd7 11. g4 Bxc3 12. Qxc3 g5 13. Bc4 Qe7 14. Bg3 Nxe4
15. Qe3 Nxg3 16. fxg3 f6 17. Qe4 Qh7 18. Qe3 Qe7 19. Rhe1 Nb6 20. Nxe5 fxe5 21.
Qxe5 Qxe5 22. Rxe5+ Kf8 23. Rf1+ 1-0